000 00562nam a22001937a 4500
003 KOHA_MİRAKIL
005 20250428150754.0
008 250428b tu ||||| |||| 00| 0 tur d
020 _a9789753427975
040 _aTR-AnABB
_btur
_cTR-AnABB
041 _atur
082 _a828.3354
_bCON 2022
100 1 _aO'Connor, Flannery,
245 1 0 _aHer çıkışın bir inişi vardır /
_cFlannery O'Connor
260 _aİstanbul :
_bMetis Yayınları,
_c2022
300 _a250 sayfa ;
_c20 cm
650 0 4 _aAmerikan edebiyatı, roman
942 _2ddc
_cBK
999 _c8841
_d8841
900 _bGizem YORULMAZ